Bharatbarshar itihas: (Record no. 12051)
[ view plain ]
| 000 -LEADER | |
|---|---|
| fixed length control field | 00635nam a22002057a 4500 |
| 005 - DATE AND TIME OF LATEST TRANSACTION | |
| control field | 20260515115049.0 |
| 008 - FIXED-LENGTH DATA ELEMENTS--GENERAL INFORMATION | |
| fixed length control field | 250227b |||||||| |||| 00| 0 eng d |
| 020 ## - INTERNATIONAL STANDARD BOOK NUMBER | |
| International Standard Book Number | 9789358494556 |
| 040 ## - CATALOGING SOURCE | |
| Original cataloging agency | IN-DiNC |
| Transcribing agency | IN-DiNC |
| 041 ## - LANGUAGE CODE | |
| Language code of sung or spoken text | asm |
| 082 ## - DEWEY DECIMAL CLASSIFICATION NUMBER | |
| Classification number | 954 |
| Item number | BHU |
| 100 ## - MAIN ENTRY--PERSONAL NAME | |
| Personal name | Bhuyan, Pranjal |
| Relator term | author |
| 245 ## - TITLE STATEMENT | |
| Title | Bharatbarshar itihas: |
| Remainder of title | chaturtha khanda/1206-1526 (Major5)/ |
| Statement of responsibility, etc. | by Pranjal Bhuyan and Tachadduk Amanul Hussain |
| 250 ## - EDITION STATEMENT | |
| Edition statement | 1st ed. |
| 260 ## - PUBLICATION, DISTRIBUTION, ETC. | |
| Place of publication, distribution, etc. | Dibrugarh: |
| Name of publisher, distributor, etc. | Banalata, |
| Date of publication, distribution, etc. | 2025. |
| 300 ## - PHYSICAL DESCRIPTION | |
| Extent | 190p. |
| 650 ## - SUBJECT ADDED ENTRY--TOPICAL TERM | |
| Topical term or geographic name entry element | History of India: part iv/1206-1526 (Major5) |
| 700 ## - ADDED ENTRY--PERSONAL NAME | |
| Personal name | Hussain, Tachadduk Amanul |
| Relator term | author |
| 942 ## - ADDED ENTRY ELEMENTS (KOHA) | |
| Source of classification or shelving scheme | Dewey Decimal Classification |
| Koha item type | Books |
| Withdrawn status | Lost status | Source of classification or shelving scheme | Damaged status | Not for loan | Collection | Home library | Current library | Shelving location | Date acquired | Cost, normal purchase price | Total checkouts | Full call number | Barcode | Date last seen | Date last checked out | Copy number | Price effective from | Koha item type |
|---|---|---|---|---|---|---|---|---|---|---|---|---|---|---|---|---|---|---|
| Dewey Decimal Classification | Naharkatiya College Library | Naharkatiya College Library | General stacks | 02/27/2025 | 200.00 | 8 | 954 BHU | 30465 | 04/23/2026 | 04/23/2026 | 1 | 02/27/2025 | Books | |||||
| Dewey Decimal Classification | Naharkatiya College Library | Naharkatiya College Library | General stacks | 02/27/2025 | 200.00 | 6 | 954 BHU | 30466 | 04/27/2026 | 04/27/2026 | 2 | 02/27/2025 | Books | |||||
| Dewey Decimal Classification | Naharkatiya College Library | Naharkatiya College Library | General stacks | 02/27/2025 | 200.00 | 5 | 954 BHU | 30467 | 04/23/2026 | 04/23/2026 | 3 | 02/27/2025 | Books |